000 00825nam a22002657a 4500
003 OSt
005 20220924113659.0
006 a|||||r|||| 00| 0
007 ta
008 220923b |||||||| |||| 00| 0 hin d
020 _a817201631X (pb)
024 _a242423
037 _cGeneral Books
040 _aARTS
_cARTS
_bhin
041 _2hin
_ahin
082 _aO152,1I43:g, L9
100 _aमैनी, धर्मपाल
245 0 _aरैदास
246 _aRaidāsa
260 _aनई दिल्ली,
_b साहित्य अकादमी
_c1979
300 _a63पृ0
490 _aभारतीय साहित्य के निर्माता
942 _hO152,1I43:g, L9
_cGB
_2CC
999 _c390445
_d390445